Využitie užitočnej hmotnosti dopravného prostriedku a jeho ložného objemu z hľadiska objemových hmotností prepravovaných materiálov a produktov

Bibliographic Details
Main Authors: Takáč, Ľubomír (Author), Žitňák, Miroslav, 1974- (Author), Jech, Ján, 1938-2020 (Author)
Format: Article
Language:Slovak
PhysicalDescription:Obr., tab.
Subjects:

MARC

LEADER 00000nab a2200000 a 4500
001 vtls000669735
003 SK-MaSNL
005 20260303173821.0
008 180206c1998 xo 0 slo
015 |a SNBRB1998/07-18426 
035 |a CLN000021913 
040 |a SNKBUCL  |b slo  |c SNKBUCL  |e AACR2 
041 0 |a slo 
044 |a xo  |c SK 
080 |a 631.37  |2 UDC-MRF-SK2 
080 |a 656.137  |2 UDC-MRF-SK2 
100 1 |a Takáč, Ľubomír  |4 aut  |9 787238 
245 1 0 |a Využitie užitočnej hmotnosti dopravného prostriedku a jeho ložného objemu z hľadiska objemových hmotností prepravovaných materiálov a produktov  |c Ľubomír Takáč, Miroslav Žitňák, Ján Jech 
300 |b Obr., tab. 
650 0 7 |a poľnohospodárstvo  |x prostriedky dopravné  |x objem ložný  |x využitie  |2 snkbucl  |9 1200573 
650 0 7 |a dopravné prostriedky  |2 snkbucl  |9 66633 
655 7 |a články z novín a časopisov  |2 snkbucl  |9 267496 
700 1 |a Žitňák, Miroslav,  |d 1974-  |4 aut  |9 196280 
700 1 |a Jech, Ján,  |d 1938-2020  |4 aut  |9 192657 
773 0 |t Roľnícke noviny  |g Č. 124 (1.7.1998) 
773 0 |t [Príl.] Moderná mechanizácia  |g S. 6 
850 |a Slovenská národná knižnica v Martine 
852 |a SNK  |b KIS3GCP 
958 |a RBX 
999 |c 2094021  |d 2095951